000 00272nam a2200109Ia 4500
008 230907s9999||||xx |||||||||||||| ||und||
082 _a628
_bClE,
245 0 _aCleantech Conference and Showcase 2012
260 _aCRC Press
_bBoston
_c2012
300 _a420p.
942 _cBK
999 _c597745
_d597745